000 00396nam a22001457a 4500
082 _aP-190
100 _aSaadat Hassan
_947920
245 _aGeo technical Evaluation of Morning Glory Spillway Failure at surlah Khoker Zer Dam
_cHameed
260 _aMCE Risalpur
300 _a149 p.:
526 _a0
_b0
_c0
_dP_190
650 _aProject
700 _aDr Farhat Javed
_947908
942 _2ddc
_cBK
999 _c551004
_d551004